| 000 | 00500nam a2200169Ia 4500 | ||
|---|---|---|---|
| 999 |
_c12139 _d12139 |
||
| 003 | OSt | ||
| 005 | 20201119110028.0 | ||
| 008 | 190216s9999||||xx |||||||||||||| ||und|| | ||
| 040 | _coclc | ||
| 082 |
_a822.33 _bBAR/P |
||
| 100 |
_aBarker, Harley Granville _94637 |
||
| 245 | 0 |
_aPrefaces To Shakespeare / _cHarley Granville Barker |
|
| 260 |
_bB T Batsford Ltd, _c1963. _aLondon: |
||
| 300 | _a274p | ||
| 650 | _aEnglish Drama | ||
| 942 |
_cBK _2ddc _h822.33 _iBAR/P _k822.33 _mBAR/P |
||